| 000 | 00776nam a22002177a 4500 | ||
|---|---|---|---|
| 003 | OSt | ||
| 005 | 20250221173117.0 | ||
| 008 | 230926b ||||| |||| 00| 0 eng d | ||
| 040 | _c0 | ||
| 082 | _aDPer 379.1 J826 Winter - Spring 2020 v. 45 n. 3-4 | ||
| 100 |
_aKelly, Matthew G. _eauthor. _949269 |
||
| 245 |
_aPennsylvania / _cF. Frank Ayata, and Jeremy Anderson. |
||
| 260 |
_aUnited States ; _bUniversity of Illinois Press and Johns Hopkins University Press, _cWinter 2020. |
||
| 300 | _avolume 45, pages 384-385. | ||
| 500 | _aJournal of Education Finance, v. 45 n. 3, pages 384-385, Winter 2020. | ||
| 650 |
_aFinance. _949270 |
||
| 650 |
_aBudget. _949271 |
||
| 650 |
_aEducation. _949272 |
||
| 700 |
_aKelly, Matthew G. _eauthor. _949269 |
||
| 942 |
_2ddc _cPER |
||
| 999 |
_c18252 _d18252 |
||